Normal view
MARC view
Entry Topical Term
001 - CONTROL NUMBER
- control field: 77641
003 - CONTROL NUMBER IDENTIFIER
- control field: OSt
005 - DATE AND TIME OF LATEST TRANSACTION
- control field: 20200102162944.0
008 - FIXED-LENGTH DATA ELEMENTS
- fixed length control field: 200102|| aca||aabn | a|a d
040 ## - CATALOGING SOURCE
- Original cataloging agency: OSt
- Transcribing agency: OSt
150 ## - HEADING--TOPICAL TERM
- Topical term or geographic name entry element: short Stories
670 ## - SOURCE DATA FOUND
- Source citation: Work cat.: (OSt): Chandrahas, K. 77640, Chaso Selected short Stories , 2014









